=LDR 00000nam 2200000 4500 =001 INLIS000000000007042 =005 20130612095113 =008 ***********************************Ind** =035 ##$$0010-061300000007042 =041 ##$$a Ind =082 ##$$a 813 =090 ##$$a 813, Ene n =100 ##$$a ENESTE, Pamusuk =245 ##$$a Novel dan film, Pamusuk Eneste. -- =260 ##$$a 1991 $b Yogyakarta =300 ##$$a 74 hlm, 18 cm =650 ##$$a Novel =850 ##$$a NBPNMAT